Statistics for Mario Kart Cups

Click here to take the quiz!

General Stats

  • This quiz has been taken 6,262 times
  • The average score is 5 of 8

Answer Stats

Cup % Correct
Mushroom Cup
92%
Star Cup
85%
Flower Cup
74%
Leaf Cup
66%
Shell Cup
63%
Banana Cup
54%
Special Cup
51%
Lightning Cup
49%

Score Distribution

Percentile by Number Answered

Percent of People with Each Score

Your Score History

You have not taken this quiz